000 00303nam a2200133Ia 4500
008 230818s2001 xx 000 0 und d
041 _aeng
100 _aStacey
245 _aUltimate Food Practitioner
260 _bCassell
_c2001
300 _a159p
520 _aGeneral
999 _c852709
_d852709
650 _aFood Production